| 000 | 00450nam a22001817a 4500 | ||
|---|---|---|---|
| 003 | MPLRDC | ||
| 005 | 20220104144452.0 | ||
| 008 | 210129b ||||| |||| 00| 0 eng d | ||
| 082 | _a337.07 LSTJ | ||
| 100 | _a乔治. 罗斯特基主编 | ||
| 245 |
_a美国电学 _c詹尔震编译 |
||
| 250 | _a一版一刷 | ||
| 260 |
_a _b科学普及出版社 _c1981 |
||
| 300 | _b平 | ||
| 490 | _a电学; 电子 | ||
| 650 | _a | ||
| 942 |
_cBK _o337.07 LSTJ |
||
| 999 |
_c49908 _d49898 |
||